الحاسوب التعليمي وتطبيقاته التربوية / (رقم التسجيلة. 81961)

تفاصيل مارك
000 -الفاتح
حقل البيانات ثابتة الطول 01072nam a2200277 4500
003 - محدد رقم الضبط
رقم الضبط OSt
005 - وقت وتاريخ اخر تعامل مع التسجيلة
رقم الضبط 20220830103717.0
008 - عناصر البيانات ثابتة الطول - معلومات عامة
حقل البيانات ثابتة الطول 220830b2014 jo ||||g |||| 00| 0 ara d
020 ## - الرقم الدولى المعيارى للكتب
الرقم الدولى المعيارى للكتاب 9789957062408
040 ## - مصدر الفهرسة
وكالة الفهرسة الأصلية Ma-Un
لغة الفهرسة ara
وكالة النسخ Ma-Un
041 0# - رمز اللغة
رمز لغة النص/ المسارات الصوتية أو العنوان الانفرادي ara
082 04 - رقم تصنيف ديوى العشرى
رقم التصنيف 370.285
رقم المادة ع ي ح
رقم الطبعة 21
100 1# - المدخل الرئيسى - إسم شخصى
الإسم الشخصى عيادات، يوسف أحمد
245 12 - بيان العنوان
العنوان الحاسوب التعليمي وتطبيقاته التربوية /
بيان المسئوليه,etc يوسف أحمد عيادات.
250 ## - بيان الطبعة
بيان الطبعة ط. 2.
264 ## - النشر, التوزيع, ETC. (IMPRINT)
مكان الناشر او الموزع RDA عمان، الأردن :
اسم الناشر او الموزع RDA دار المسيرة للنشر والتوزيع والطباعة،
تاريخ النشر أو التوزيع 2014
تاريخ النشر هجري 1435.
300 ## - الوصف المادى
التعداد 367 ص. :
تفاصيل ماديه اخرى للوعاء إيض. ؛
أبعاد الوعاء 24 سم.
504 ## - تبصرة ببليوجرافية
تبصرة ببليوجرافية,الخ يشتمل على قائمة ببليوجرافية.
650 #7 - المدخل الاضافى بالموضوع-مصطلح موضوعى
مصطلح موضوعي أو اسم جغرافي كعنصر مدخل التعليم
التقسيم الفرعي العام معالجة المعطيات الكترونيا
650 #7 - المدخل الاضافى بالموضوع-مصطلح موضوعى
مصطلح موضوعي أو اسم جغرافي كعنصر مدخل الحاسبات الإلكترونية والتعليم
650 #7 - المدخل الاضافى بالموضوع-مصطلح موضوعى
مصطلح موضوعي أو اسم جغرافي كعنصر مدخل الوسائل التعليمية
650 #7 - المدخل الاضافى بالموضوع-مصطلح موضوعى
مصطلح موضوعي أو اسم جغرافي كعنصر مدخل تكنولوجيا التعليم
952 ## - LOCATION AND ITEM INFORMATION (KOHA)
نوع المادة فى نظام كوها كتاب
952 ## - LOCATION AND ITEM INFORMATION (KOHA)
نوع المادة فى نظام كوها كتاب
952 ## - LOCATION AND ITEM INFORMATION (KOHA)
نوع المادة فى نظام كوها كتاب
952 ## - LOCATION AND ITEM INFORMATION (KOHA)
نوع المادة فى نظام كوها كتاب
952 ## - LOCATION AND ITEM INFORMATION (KOHA)
نوع المادة فى نظام كوها كتاب
952 ## - LOCATION AND ITEM INFORMATION (KOHA)
نوع المادة فى نظام كوها كتاب
952 ## - LOCATION AND ITEM INFORMATION (KOHA)
نوع المادة فى نظام كوها كتاب
952 ## - LOCATION AND ITEM INFORMATION (KOHA)
نوع المادة فى نظام كوها كتاب
952 ## - LOCATION AND ITEM INFORMATION (KOHA)
نوع المادة فى نظام كوها كتاب
952 ## - LOCATION AND ITEM INFORMATION (KOHA)
نوع المادة فى نظام كوها كتاب
952 ## - LOCATION AND ITEM INFORMATION (KOHA)
نوع المادة فى نظام كوها كتاب
952 ## - LOCATION AND ITEM INFORMATION (KOHA)
نوع المادة فى نظام كوها كتاب
952 ## - LOCATION AND ITEM INFORMATION (KOHA)
نوع المادة فى نظام كوها كتاب
952 ## - LOCATION AND ITEM INFORMATION (KOHA)
نوع المادة فى نظام كوها كتاب
952 ## - LOCATION AND ITEM INFORMATION (KOHA)
نوع المادة فى نظام كوها كتاب
952 ## - LOCATION AND ITEM INFORMATION (KOHA)
نوع المادة فى نظام كوها كتاب
952 ## - LOCATION AND ITEM INFORMATION (KOHA)
نوع المادة فى نظام كوها كتاب
952 ## - LOCATION AND ITEM INFORMATION (KOHA)
نوع المادة فى نظام كوها كتاب
952 ## - LOCATION AND ITEM INFORMATION (KOHA)
نوع المادة فى نظام كوها كتاب
257 ## - بلد الوحدة المنتجة للافلام الارشيفية
بلد وحدة الإنتاج الاردن.
535 1# - تبصرة موقع الأصول / النسخ
مواد محددة 6
942 ## -
-- ddc
-- BOOK
المقتنيات
حالة الفقد نموذج السعر الفعال حالة تلف ليس للاعارة تاريخ الاكتساب رقم الطلب تاريخ الاكتساب الموقع الحالي الباركود الفرع الرئيسي Date last seen مصدر التصنيف او خطة الترفيف Total Checkouts
  2022-08-31   Not For Loan 2022-08-31 370.285 ع ي ح 2022-08-31 CL 00190099 المكتبة المركزية بالمجمعة (CL) 2022-08-31 Dewey Decimal Classification  
  2022-08-31     2022-08-31 370.285 ع ي ح 2022-08-31 CL 00190100 المكتبة المركزية بالمجمعة (CL) 2022-08-31 Dewey Decimal Classification  
  2022-08-31     2022-08-31 370.285 ع ي ح 2022-08-31 CL 00190101 المكتبة المركزية بالمجمعة (CL) 2022-08-31 Dewey Decimal Classification  
  2022-08-31   Not For Loan 2022-08-31 370.285 ع ي ح 2022-08-31 EMF 00190102 مكتبة مجمع الطالبات بالمجمعة (EMF) 2022-08-31 Dewey Decimal Classification  
  2022-08-31     2022-08-31 370.285 ع ي ح 2022-08-31 EMF 00190103 مكتبة مجمع الطالبات بالمجمعة (EMF) 2022-08-31 Dewey Decimal Classification  
  2022-08-31   Not For Loan 2022-08-31 370.285 ع ي ح 2022-08-31 IC 00190104 قسم الاجراءات الفنية (IC) 2022-08-31 Dewey Decimal Classification  
  2022-08-31     2022-08-31 370.285 ع ي ح 2022-08-31 IC 00190105 قسم الاجراءات الفنية (IC) 2022-08-31 Dewey Decimal Classification  
  2022-08-31   Not For Loan 2022-08-31 370.285 ع ي ح 2022-08-31 IC 00190106 قسم الاجراءات الفنية (IC) 2022-08-31 Dewey Decimal Classification  
  2022-08-31     2022-08-31 370.285 ع ي ح 2022-08-31 IC 00190107 قسم الاجراءات الفنية (IC) 2022-08-31 Dewey Decimal Classification  
  2022-08-31   Not For Loan 2022-08-31 370.285 ع ي ح 2022-08-31 IC 00190112 قسم الاجراءات الفنية (IC) 2022-08-31 Dewey Decimal Classification  
  2022-08-31     2022-08-31 370.285 ع ي ح 2022-08-31 IC 00190113 قسم الاجراءات الفنية (IC) 2022-08-31 Dewey Decimal Classification  
  2022-08-31   Not For Loan 2022-08-31 370.285 ع ي ح 2022-08-31 IC 00190114 قسم الاجراءات الفنية (IC) 2022-08-31 Dewey Decimal Classification  
  2022-08-31     2022-08-31 370.285 ع ي ح 2022-08-31 IC 00190115 قسم الاجراءات الفنية (IC) 2022-08-31 Dewey Decimal Classification  
  2022-08-31   Not For Loan 2022-08-31 370.285 ع ي ح 2022-08-31 SRF 00190108 مكتبة كلية العلوم و الدراسات الإنسانية برماح - طالبات (SRF) 2022-08-31 Dewey Decimal Classification  
  2022-08-31     2022-08-31 370.285 ع ي ح 2022-08-31 SRF 00190109 مكتبة كلية العلوم و الدراسات الإنسانية برماح - طالبات (SRF) 2022-08-31 Dewey Decimal Classification  
  2022-08-31   Not For Loan 2022-08-31 370.285 ع ي ح 2022-08-31 SRM 00190110 مكتبة كلية العلوم و الدراسات الإنسانية برماح - طلاب (SRM) 2022-08-31 Dewey Decimal Classification  
  2022-08-31     2022-08-31 370.285 ع ي ح 2022-08-31 SRM 00190111 مكتبة كلية العلوم و الدراسات الإنسانية برماح - طلاب (SRM) 2022-08-31 Dewey Decimal Classification  
  2022-08-31   Not For Loan 2022-08-31 370.285 ع ي ح 2022-08-31 SZM 00190116 مكتبة مجمع الكليات بالزلفى - طلاب (SZM) 2022-08-31 Dewey Decimal Classification  
  2022-08-31     2022-08-31 370.285 ع ي ح 2022-08-31 SZM 00190117 مكتبة مجمع الكليات بالزلفى - طلاب (SZM) 2022-08-31 Dewey Decimal Classification